000 00761nam a22002657a 4500
001 BR9000810
003 BR-BrBNA
005 20230928093358.0
007 ta
008 230509b bl.||||| |||| 00| 0 por d
040 _aBR-BrBNA
_bpor
_cBiblioteca Nacional de Agricultura
041 _a(Por)
072 _aF01; J11
_b/G514
090 _ F01 BR9000810
110 1 _aCompanhia Brasileira de Armazenamento, Brasilia, DF (Brasil)
_92307
245 1 _aProposta para acomodacao da safra/88 regiao: centro-sul e Rondonia
260 3 _aBrasilia, DF (Brasil):
_c1988.
300 _a30 p.
500 _aNumerical data
650 _aPRODUCAO VEGETAL
650 _aARMAZENAMENTO
650 _aESTOCAGEM
909 _a202309
_bLucia
_c55
_dLucia Elande
942 _cBK
999 _c44644
_d44644